[Event "4NCL 2017-18"]
[Site "England ENG"]
[Date "2018.01.14"]
[Round "4.85"]
[White "Phillips, Roy"]
[Black "Milliet, Sophie"]
[Result "0-1"]
[WhiteTitle "FM"]
[BlackTitle "IM"]
[WhiteElo "2170"]
[BlackElo "2391"]
[WhiteTeam "West is Best"]
[BlackTeam "Guildford"]
[WhiteFideId "404136"]
[BlackFideId "623725"]
[EventDate "2017.11.11"]

1. e4 c5 2. Nc3 Nc6 3. f4 g6 4. Nf3 Bg7 5. Bb5 Nd4 6. O-O a6 7. Bc4 b5 8. Bd5
Rb8 9. d3 e6 10. Bb3 Ne7 11. Nxd4 cxd4 12. Ne2 d5 13. e5 Nc6 14. Kh1 O-O 15. Ng1
f6 16. exf6 Bxf6 17. Nf3 Qd6 18. Qe2 Bd7 19. Bd2 Rbe8 20. Rae1 Kh8 21. h3 Bg7
22. a3 Qb8 23. Ne5 Nxe5 24. fxe5 Rxf1+ 25. Qxf1 Rf8 26. Qg1 Bxe5 27. Bb4 Rf4 28.
Re2 Bg7 29. Be1 Qf8 30. Rf2 Bc6 31. Bb4 Qf7 32. Rxf4 Qxf4 33. Qe1 Be5 34. Kg1
Qh2+ 35. Kf1 Qh1+ 36. Kf2 Qxe1+ 37. Kxe1 Kg7 38. Bc5 Kf6 39. Ke2 h5 40. Kf3 Kg5
41. Bb6 Bg7 42. Ba5 e5 43. Bd2+ Kf5 44. Bb4 Bf6 45. a4 bxa4 46. Ba2 Bg5 47. Bc5
Bc1 48. Ba3 a5 49. Kg3 Bd2 50. Bc5 Bc1 51. Ba3 e4 52. Kf2 Ke5 53. Ke2 h4 54. Kd1
Bh6 55. Be7 g5 56. Bd8 a3 57. bxa3 a4 58. Ke2 Kf5 59. Be7 Bg7 60. Kf2 Be5 61.
Kf1 Bf4 62. Bc5 Ke5 63. Ke2 Be8 64. Bf8 Bh5+ 65. Kf1 Bd2 66. Bg7+ Kf4 67. dxe4
Kxe4 68. Bb1 Be3 69. Bh8 Kf4 70. Bg7 Be8 71. Ba2 Bb5+ 72. Ke1 Bc4 73. Bxc4 dxc4
74. Ke2 Ke4 75. Bf6 d3+ 76. cxd3+ cxd3+ 77. Kd1 0-1

[Event "4NCL 2017-18"]
[Site "England ENG"]
[Date "2018.01.14"]
[Round "4.86"]
[White "Kilpatrick, Callum"]
[Black "Zeidler, Sven P."]
[Result "1/2-1/2"]
[WhiteTitle "FM"]
[BlackTitle "FM"]
[WhiteElo "2349"]
[BlackElo "2185"]
[WhiteTeam "Guildford"]
[BlackTeam "West is Best"]
[WhiteFideId "414425"]
[BlackFideId "1800604"]
[EventDate "2017.11.11"]

1. e4 d5 2. exd5 Qxd5 3. Nc3 Qd8 4. d4 Nf6 5. Nf3 Bg4 6. Be2 e6 7. h3 Bh5 8. O-O
c6 9. Re1 Be7 10. Bf4 O-O 11. Bh2 Nbd7 12. Ne5 Bxe2 13. Qxe2 Nb6 14. Rad1 Nbd5
15. Nb1 Nc7 16. c4 Qc8 17. a3 c5 18. dxc5 Bxc5 19. b4 Be7 20. Nc3 a5 21. Na4
axb4 22. Nb6 Qe8 23. Nxa8 Nxa8 24. axb4 Bxb4 25. Rf1 Qe7 26. Qf3 Rc8 27. Rb1 Nb6
28. Nd3 Rxc4 29. Nxb4 Rxb4 30. Rxb4 Qxb4 31. Qxb7 Nbd5 32. Qa8+ Qf8 33. Ra1 h5
34. Qc6 Qb4 35. Be5 Qe4 36. Qd6 Qf5 37. Bd4 Nf4 38. Qe5 Qxe5 39. Bxe5 N4d5 40.
Ra7 g5 41. f4 gxf4 42. Ra4 Kg7 43. Bxf4 Nxf4 44. Rxf4 Kg6 45. Kf2 Nd5 46. Ra4
Ne7 47. Kf3 Nf5 48. h4 Kf6 49. g3 Kg6 50. Kf4 Kf6 51. Ra8 Kg7 52. Rb8 Kh7 53.
Rb3 Kg6 54. Ke5 Kg7 55. Ra3 Kg6 56. Ra8 Kg7 57. Kf4 Kh7 58. Ra5 Kg6 59. Ra1 Kf6
60. Rf1 Kg6 61. Rg1 Kh6 62. Ke5 Kg6 63. Rf1 Kg7 64. Rf3 Kg6 65. Rb3 Kg7 66. Kf4
Kg6 67. Rb8 Kg7 68. Ra8 Kh7 69. Kg5 Nxg3 70. Kf6 Nf5 71. Ra4 Nh6 72. Ra7 Kg8 73.
Ra8+ Kh7 74. Rf8 Nf5 75. Rxf7+ Kg8 76. Kxe6 Nxh4 77. Kf6 Nf3 78. Rg7+ Kf8 79.
Rg3 Nh2 80. Rg5 Ng4+ 81. Kg6 Ke7 82. Rxh5 Ke6 83. Ra5 Ne5+ 84. Kg5 Nf7+ 85. Kf4
Nd6 86. Ra6 Kd5 87. Ra1 Ke6 88. Rd1 Nf7 89. Re1+ Kf6 90. Re8 Nd6 91. Re5 Nf7 92.
Rf5+ Ke6 93. Ra5 Kf6 94. Ra6+ Ke7 95. Kf5 Nd6+ 96. Ke5 Nf7+ 97. Kd5 Nd8 98. Rh6
Nf7 99. Re6+ Kf8 100. Re1 Kg7 101. Ke6 Ng5+ 102. Kf5 Nf7 103. Re7 Kf8 104. Kf6
Nd6 105. Rd7 Ne4+ 106. Ke5 Ng5 107. Kf5 Ke8 108. Rg7 Nf7 109. Kf6 Nd8 110. Re7+
Kf8 111. Re1 Nf7 112. Re2 Nd6 113. Ke6 Ne8 114. Rf2+ Kg8 115. Ke7 Ng7 116. Rg2
Kh7 117. Kf7 Nh5 118. Rg6 Nf4 119. Ra6 Nh5 120. Rc6 Ng7 121. Ra6 Nh5 122. Rg6
Nf4 123. Rg5 Kh6 124. Rb5 Nh5 125. Rf5 Ng3 126. Rb5 Nh5 127. Rc5 Ng3 128. Re5
Nh5 129. Re1 Kg5 130. Re5+ Kg4 131. Rxh5 Kxh5 1/2-1/2

[Event "4NCL 2017-18"]
[Site "England ENG"]
[Date "2018.01.14"]
[Round "4.87"]
[White "Blackburn, Jonathan L B"]
[Black "Ciuksyte, Dagne"]
[Result "0-1"]
[BlackTitle "IM"]
[WhiteElo "2200"]
[BlackElo "2308"]
[WhiteTeam "West is Best"]
[BlackTeam "Guildford"]
[WhiteFideId "1801090"]
[BlackFideId "12800619"]
[EventDate "2017.11.11"]

1. d4 Nf6 2. c4 e6 3. g3 d5 4. Nf3 Be7 5. Bg2 O-O 6. O-O Nbd7 7. Qc2 c6 8. b3 b6
9. Nc3 Ba6 10. Rd1 Rc8 11. e4 dxc4 12. bxc4 Bxc4 13. e5 Nd5 14. Ne4 b5 15. Neg5
g6 16. h4 Nb4 17. Qb1 h6 18. a3 Na2 19. Ne4 Nxc1 20. Qxc1 Kg7 21. a4 Bb3 22. Rd3
Bxa4 23. Bh3 a5 24. Ne1 Qb6 25. Qf4 Rcd8 26. h5 c5 27. dxc5 Nxc5 28. Rd6 Bxd6
29. Qf6+ Kg8 30. Nxd6 Nd7 31. Qf4 Nxe5 32. Ne4 Qd4 33. Rc1 g5 34. Qf6 Qxe4 35.
Qxh6 Rd1 36. Rxd1 Bxd1 37. Qxg5+ Kh7 0-1

[Event "4NCL 2017-18"]
[Site "England ENG"]
[Date "2018.01.14"]
[Round "4.88"]
[White "Povah, Nigel E"]
[Black "Kett, Tim"]
[Result "1/2-1/2"]
[WhiteTitle "IM"]
[WhiteElo "2245"]
[BlackElo "2215"]
[WhiteTeam "Guildford"]
[BlackTeam "West is Best"]
[WhiteFideId "400467"]
[BlackFideId "1801210"]
[EventDate "2017.11.11"]

1. d4 Nf6 2. Bg5 g6 3. Bxf6 exf6 4. e3 d5 5. c4 dxc4 6. Bxc4 Bg7 7. Nc3 O-O 8.
h4 c5 9. h5 cxd4 10. hxg6 hxg6 11. exd4 Nc6 12. Nge2 f5 13. Qd3 Nxd4 14. O-O-O
Nxe2+ 15. Qxe2 Qg5+ 16. Kb1 f4 17. Nd5 Be6 18. Qf3 Rac8 19. Qxf4 Qf5+ 20. Qxf5
Bxf5+ 21. Bd3 Bxd3+ 22. Rxd3 1/2-1/2

[Event "4NCL 2017-18"]
[Site "England ENG"]
[Date "2018.02.10"]
[Round "5.11"]
[White "Sadler, Matthew D"]
[Black "Tan, Justin2"]
[Result "1/2-1/2"]
[WhiteTitle "GM"]
[BlackTitle "IM"]
[WhiteElo "2693"]
[BlackElo "2485"]
[WhiteTeam "Guildford"]
[BlackTeam "Oxford"]
[WhiteFideId "400173"]
[BlackFideId "3206882"]
[EventDate "2017.11.11"]

1. c4 Nf6 2. Nc3 e5 3. Nf3 Nc6 4. g3 Nd4 5. Bg2 Nxf3+ 6. Bxf3 Bb4 7. Qb3 Bc5 8.
Na4 Be7 9. O-O O-O 10. d3 c6 11. Bd2 d6 12. Bg2 Qc7 13. f4 exf4 14. Bxf4 Be6 15.
Nc5 Bc8 16. Na4 Be6 17. Nc5 Bc8 18. Kh1 Nh5 19. Ne4 Nxf4 20. gxf4 f5 21. Ng3 Qb6
22. e3 Bf6 23. d4 Qxb3 24. axb3 Re8 25. Rfe1 Bd7 26. b4 a6 27. c5 d5 28. Kg1 Bh4 1/2-1/2

[Event "4NCL 2017-18"]
[Site "England ENG"]
[Date "2018.02.10"]
[Round "5.12"]
[White "Zakarian, David"]
[Black "Jones, Gawain C B"]
[Result "0-1"]
[WhiteTitle "FM"]
[BlackTitle "GM"]
[WhiteElo "2354"]
[BlackElo "2667"]
[WhiteTeam "Oxford"]
[BlackTeam "Guildford"]
[WhiteFideId "13301276"]
[BlackFideId "409561"]
[EventDate "2017.11.11"]

1. d4 Nf6 2. Nf3 g6 3. Nc3 d5 4. Bf4 Bg7 5. Nb5 Na6 6. e3 c6 7. Nc3 Nc7 8. h3
O-O 9. Bd3 Ne6 10. Be5 c5 11. O-O b6 12. a4 Bb7 13. a5 bxa5 14. Ra3 cxd4 15.
Nxd4 Nc5 16. Bb5 Rc8 17. Qa1 a6 18. Be2 Ncd7 19. Bh2 Nb6 20. Rb3 Nfd7 21. Qxa5
e5 22. Nf3 Rc5 23. Qa3 Re8 24. Bxa6 Bc6 25. Bb5 Nc4 26. Qa6 Na5 27. Ra3 Bxb5 28.
Nxb5 Nc4 29. Ra2 Nb8 30. Qa4 Nc6 31. Nc3 e4 32. Nd4 Nxd4 33. exd4 Ra5 34. Qb4
Rxa2 35. Nxa2 e3 36. Be5 Nd2 37. Rd1 Qg5 38. Qb5 Rxe5 39. dxe5 exf2+ 40. Kxf2
Ne4+ 41. Kf1 Qf4+ 42. Ke2 Qf2+ 43. Kd3 Qg3+ 44. Ke2 Qxg2+ 45. Ke3 Qf2+ 46. Kd3
Qf3+ 0-1

[Event "4NCL 2017-18"]
[Site "England ENG"]
[Date "2018.02.10"]
[Round "5.13"]
[White "Van Kampen, Robin"]
[Black "Eckersley-Waites, Tom"]
[Result "1-0"]
[WhiteTitle "GM"]
[BlackTitle "FM"]
[WhiteElo "2657"]
[BlackElo "2302"]
[WhiteTeam "Guildford"]
[BlackTeam "Oxford"]
[WhiteFideId "1020854"]
[BlackFideId "412449"]
[EventDate "2017.11.11"]

1. c4 e6 2. g3 d5 3. Bg2 Nf6 4. Nf3 c5 5. O-O Nc6 6. cxd5 exd5 7. d4 Be7 8. Nc3
O-O 9. dxc5 Bxc5 10. a3 Ne4 11. Qc2 Nxc3 12. Qxc3 Bb6 13. b4 d4 14. Qd2 Bg4 15.
Bb2 Qd7 16. Rad1 Rad8 17. b5 Bxf3 18. exf3 Ne5 19. Qb4 Qf5 20. Qb3 d3 21. f4 Ng4
22. Bf3 h5 23. Rd2 h4 24. Qd1 Nf6 25. Bxf6 gxf6 26. Bg4 Qxb5 27. Bh3 Ba5 28.
Qg4+ Kh8 29. Qxh4+ Kg7 30. Qg4+ Kh6 31. Qh4+ Kg7 32. a4 Qc5 33. Qg4+ Kh6 34. Rb2
Rg8 35. Qh4+ Kg7 36. Rxb7 d2 37. Be6 Bc7 38. Bb3 Rb8 39. Qg4+ Kh6 40. Qh3+ Kg7
41. Qd7 Rxb7 42. Qxf7+ Kh6 43. Qxf6+ Kh7 44. Qh4+ Kg7 45. Qg4+ Kh6 46. Bxg8 Qh5
47. Qd7 Qg6 48. f5 Qd6 49. Qh7+ Kg5 50. Be6 Kf6 51. Qh8+ Ke7 52. Qg7+ Kd8 53.
Qg8+ Ke7 54. Qf7+ Kd8 55. f6 1-0

[Event "4NCL 2017-18"]
[Site "England ENG"]
[Date "2018.02.10"]
[Round "5.14"]
[White "Martins, David Pires Tavares"]
[Black "Edouard, Romain"]
[Result "0-1"]
[WhiteTitle "IM"]
[BlackTitle "GM"]
[WhiteElo "2395"]
[BlackElo "2621"]
[WhiteTeam "Oxford"]
[BlackTeam "Guildford"]
[WhiteFideId "1909991"]
[BlackFideId "633429"]
[EventDate "2017.11.11"]

1. Nf3 d5 2. g3 g6 3. c4 dxc4 4. Qa4+ Nc6 5. Bg2 Bg7 6. O-O Nh6 7. Qxc4 Nf5 8.
d3 O-O 9. Qc2 Nfd4 10. Nxd4 Nxd4 11. Qd1 Bg4 12. Nc3 Qc8 13. Be3 e5 14. Rc1 c6
15. Re1 Kh8 16. Qd2 Qd7 17. Bh6 Rac8 18. Bxg7+ Kxg7 19. Nd1 Rfe8 20. Ne3 Be6 21.
b4 b6 22. Nc4 Bd5 23. Qb2 Bxg2 24. Kxg2 c5 25. f3 b5 26. Ne3 cxb4 27. Rxc8 Rxc8
28. Qxb4 h5 29. Kf2 Rc6 30. a4 Qh3 31. Rh1 h4 32. axb5 Rc1 33. Rxc1 Qxh2+ 34.
Ng2 hxg3+ 35. Ke3 Qxg2 36. Qe1 Qh2 37. Qf1 Qh4 0-1

[Event "4NCL 2017-18"]
[Site "England ENG"]
[Date "2018.02.10"]
[Round "5.15"]
[White "Pert, Nicholas"]
[Black "Wu, Christopher"]
[Result "1/2-1/2"]
[WhiteTitle "GM"]
[BlackTitle "FM"]
[WhiteElo "2543"]
[BlackElo "2340"]
[WhiteTeam "Guildford"]
[BlackTeam "Oxford"]
[WhiteFideId "403989"]
[BlackFideId "2040875"]
[EventDate "2017.11.11"]

1. d4 Nf6 2. Nf3 g6 3. g3 Bg7 4. Bg2 O-O 5. O-O d6 6. Nc3 d5 7. Re1 Ne4 8. Nxe4
dxe4 9. Ng5 Qxd4 10. Nxe4 Nc6 11. c3 Qxd1 12. Rxd1 Bg4 13. Kf1 Rad8 14. Bf4 Ne5
15. Rd4 Rxd4 16. cxd4 Nc6 17. d5 Nb4 18. Nc3 c6 19. dxc6 Nxc6 20. Rd1 Rd8 21.
Rxd8+ Nxd8 22. Be3 a6 23. Bc5 Nc6 24. Ke1 Kf8 25. Kd2 Ke8 26. Bb6 Bh6+ 27. Kd1
Be6 28. b3 Bg7 29. Na4 Bc8 30. Kd2 Ne5 31. Bc7 Nd7 32. f4 Bd4 33. e3 Ba7 34. Nb2
Bb6 35. Bxb6 Nxb6 36. Kc3 Kd7 37. Kd4 Kc7 38. Nd3 Nd7 39. g4 b6 40. Nb4 Kd6 41.
g5 f6 42. gxf6 exf6 43. e4 h6 44. Nd5 g5 45. fxg5 fxg5 46. Bh3 Bb7 47. Bxd7 Kxd7
48. Nxb6+ Kd6 49. Na4 Bc8 50. Nc5 h5 51. b4 h4 52. e5+ Kc6 53. Ke4 a5 54. Nd3
axb4 55. Nxb4+ Kc5 56. Nd3+ Kc4 57. Nf2 g4 58. Kf4 g3 59. hxg3 hxg3 60. Kxg3 Kb4
61. Kf4 Ka3 62. Ke4 Kxa2 63. Kd5 Kb2 64. Ne4 Kc2 65. Nd6 Bd7 66. Nb7 Bf5 67. Nc5
Kd2 68. Kd6 Ke3 69. Ke7 Bh3 70. Kf6 Bc8 71. Na4 Kd4 72. Nb6 Bh3 73. Na8 Kd5 74.
Nc7+ Kc6 75. Ne6 Bg4 76. Nd4+ Kd7 77. Nc2 Kd8 78. Ne3 Bh3 79. Nd5 Bd7 80. Nf4
Bg4 81. Ne6+ Kd7 82. Ng5 Kd8 83. Ne4 Bh3 84. Ng5 Bg4 85. Nf7+ Kd7 86. Nd6 Bh3
87. Ne4 Kd8 88. Nc5 Bg4 89. Nd3 Bh3 90. Nf2 Bc8 91. Kf7 Bf5 92. Nd1 Kd7 93. Ne3
Be6+ 94. Kf6 Bh3 95. Nf5 Bxf5 96. Kxf5 Ke7 97. e6 Ke8 98. Kf6 Kf8 99. e7+ Ke8
100. Ke6 1/2-1/2

[Event "4NCL 2017-18"]
[Site "England ENG"]
[Date "2018.02.10"]
[Round "5.16"]
[White "Schut, Lisa"]
[Black "Le Roux, Jean-Pierre"]
[Result "0-1"]
[WhiteTitle "WIM"]
[BlackTitle "GM"]
[WhiteElo "2259"]
[BlackElo "2557"]
[WhiteTeam "Oxford"]
[BlackTeam "Guildford"]
[WhiteFideId "1019481"]
[BlackFideId "609404"]
[EventDate "2017.11.11"]

1. e4 c6 2. d4 d5 3. Nc3 dxe4 4. Nxe4 Nf6 5. Nxf6+ exf6 6. c3 Bd6 7. Bd3 O-O 8.
Ne2 Re8 9. O-O Qc7 10. Ng3 Nd7 11. Bd2 Nf8 12. Qf3 Ng6 13. Rfe1 Be6 14. c4 Qd7
15. Re4 Rad8 16. Bc3 b5 17. cxb5 cxb5 18. Rae1 b4 19. Bd2 Bxa2 20. Qh5 Rxe4 21.
Rxe4 Bxg3 22. hxg3 f5 23. Re3 Qxd4 24. Qxf5 Bc4 25. Bxc4 Qxc4 26. Be1 h6 27. Qa5
Rd1 28. Qxa7 Kh7 29. Qb7 f6 30. Re4 Qc2 31. Kh2 b3 32. Re3 Ne5 33. f3 Qb1 34.
Qe4+ Qxe4 35. Rxe4 Nd3 36. Bc3 Nf2 37. Re1 Rxe1 38. Bxe1 Nd1 39. Kg1 Nxb2 40.
Kf1 Na4 0-1

[Event "4NCL 2017-18"]
[Site "England ENG"]
[Date "2018.02.10"]
[Round "5.17"]
[White "Stefanova, Antoaneta"]
[Black "Asenov, Pavel"]
[Result "1-0"]
[WhiteTitle "GM"]
[WhiteElo "2490"]
[BlackElo "2149"]
[WhiteTeam "Guildford"]
[BlackTeam "Oxford"]
[WhiteFideId "2902257"]
[BlackFideId "433705"]
[EventDate "2017.11.11"]

1. Nf3 d5 2. e3 Nf6 3. c4 c6 4. Nc3 a6 5. b3 Bf5 6. Be2 h6 7. O-O e6 8. Bb2 Bd6
9. d3 O-O 10. Re1 Nbd7 11. e4 Bg4 12. cxd5 cxd5 13. exd5 exd5 14. Rc1 Rc8 15.
Nd4 Bxe2 16. Rxe2 Re8 17. Nf5 Bf8 18. Qd2 Qa5 19. Rxe8 Rxe8 20. a3 Qb6 21. b4
Qe6 22. Nd4 Qg4 23. Nce2 Bd6 24. h3 Qg6 25. f4 Nh5 26. Rf1 Bb8 27. g4 Nhf6 28.
Rf3 Ba7 29. Kf1 Nf8 30. Nf5 Ne6 31. Nd6 Re7 32. Nc8 Rc7 33. Nxa7 b5 34. Qe3 Nxg4
35. hxg4 Qxg4 36. Rg3 Qh4 37. Bxg7 Nxg7 38. Rxg7+ Kxg7 39. Qe5+ Kg6 40. Qxc7 1-0

[Event "4NCL 2017-18"]
[Site "England ENG"]
[Date "2018.02.10"]
[Round "5.18"]
[White "Rose, Matthew"]
[Black "Hebden, Mark L"]
[Result "0-1"]
[BlackTitle "GM"]
[WhiteElo "2249"]
[BlackElo "2458"]
[WhiteTeam "Oxford"]
[BlackTeam "Guildford"]
[WhiteFideId "407941"]
[BlackFideId "400084"]
[EventDate "2017.11.11"]

1. e4 e5 2. Nf3 Nc6 3. Bc4 Nf6 4. d3 Be7 5. O-O O-O 6. Re1 d6 7. a4 Na5 8. Ba2
c5 9. c3 Nc6 10. Na3 h6 11. Nc2 Re8 12. b4 Bf8 13. Bd2 Be6 14. b5 Bxa2 15. Rxa2
Ne7 16. Ne3 Qd7 17. h3 Ng6 18. c4 Nf4 19. Bc1 g6 20. Kh2 Bg7 21. Ng1 Re7 22. Ne2
Rae8 23. Bb2 N6h5 24. Ng1 Rf8 25. g3 Ne6 26. Nd5 Ree8 27. Bc1 Qd8 28. Ne2 f5 29.
exf5 gxf5 30. f4 Nf6 31. Nec3 Nc7 32. Nxc7 Qxc7 33. Rae2 Qf7 34. Rf2 e4 35. dxe4
Qxc4 36. Rc2 Qb3 37. Re3 fxe4 38. Nxe4 Qxa4 39. Nxf6+ Bxf6 40. Qd3 Kg7 41. Qe2
Rxe3 42. Bxe3 Qe4 43. Rc4 Qe6 44. f5 Qxf5 45. Rg4+ Kh7 46. Rf4 Qg6 47. Rg4 Qb1
48. Rf4 Bg7 49. Rxf8 Bxf8 50. Qf3 Bg7 51. Qxb7 Qc2+ 52. Kg1 Qd3 53. Bf2 c4 54.
Qxa7 c3 55. Qe3 Qb1+ 56. Kh2 d5 57. h4 Qxb5 58. Qe7 0-1

[Event "4NCL 2017-18"]
[Site "England ENG"]
[Date "2018.02.10"]
[Round "5.21"]
[White "Morrison, Graham SCO"]
[Black "Libiszewski, Fabien"]
[Result "0-1"]
[WhiteTitle "FM"]
[BlackTitle "GM"]
[WhiteElo "2294"]
[BlackElo "2504"]
[WhiteTeam "Barbican 4NCL"]
[BlackTeam "3Cs"]
[WhiteFideId "2400090"]
[BlackFideId "616834"]
[EventDate "2017.11.11"]

1. d4 Nf6 2. c4 g6 3. Nc3 Bg7 4. e4 d6 5. Nf3 O-O 6. Be2 Na6 7. O-O e5 8. Re1
Qe8 9. Bf1 Bg4 10. d5 Nb4 11. Be2 a5 12. Be3 Bd7 13. Nd2 Na6 14. Rb1 Kh8 15. b3
Ng8 16. a3 f5 17. f3 Bh6 18. Bf2 Nc5 19. b4 axb4 20. axb4 Na4 21. Qc2 Nxc3 22.
Qxc3 Nf6 23. Bd3 Ra2 24. Rb2 Qa8 25. Nb3 Ra3 26. c5 fxe4 27. Bxe4 Qa4 28. Be3
Bxe3+ 29. Rxe3 Bb5 30. Re1 Rf7 31. cxd6 cxd6 32. Qc8+ Kg7 33. Nd2 Qa7+ 34. Kh1
Qd4 35. Qc1 Rc3 36. Qa1 Rfc7 37. Qb1 Bd3 38. Bxd3 Rxd3 39. Ne4 Qxd5 40. Rc2 Rd7
41. Nxf6 Kxf6 42. Qc1 Rd4 43. Rc7 Qf7 44. Rxd7 Qxd7 45. Re4 Rxe4 46. fxe4 d5 47.
exd5 Qxd5 48. h3 h5 49. Qc8 e4 50. Qh8+ Kg5 51. Qe8 b5 52. Qe7+ Kf4 53. Qf6+ Qf5
54. Qd4 Qe6 55. Qf2+ Ke5 56. Qb2+ Kf5 57. Qf2+ Kg5 58. Qe3+ Kf6 59. Qd4+ Qe5 60.
Qb6+ Kg7 61. Qa7+ Kh8 62. Qa8+ Kh7 63. Qa7+ Qg7 64. Qc5 Qd7 65. Qe5 Qf5 66. Qc7+
Kh6 67. Qc1+ Qg5 68. Qc3 Qe7 69. Kg1 e3 70. Qb2 Kg5 71. Kf1 Qf7+ 72. Ke1 Qf2+
73. Qxf2 exf2+ 74. Kxf2 Kf4 75. h4 Ke4 76. Kg3 Ke3 77. Kh3 Kd4 78. Kg3 Kc4 79.
Kf4 Kxb4 80. Kg5 Kc5 81. Kxg6 b4 82. Kxh5 b3 83. g4 b2 84. g5 b1=Q 85. Kh6 Kd6
86. g6 Ke7 0-1

[Event "4NCL 2017-18"]
[Site "England ENG"]
[Date "2018.02.10"]
[Round "5.22"]
[White "Horton, Andrew P"]
[Black "Franklin, Samuel G A"]
[Result "1-0"]
[WhiteTitle "FM"]
[BlackTitle "FM"]
[WhiteElo "2403"]
[BlackElo "2316"]
[WhiteTeam "3Cs"]
[BlackTeam "Barbican 4NCL"]
[WhiteFideId "424269"]
[BlackFideId "468576"]
[EventDate "2017.11.11"]

1. Nf3 Nf6 2. c4 g6 3. g3 Bg7 4. Bg2 O-O 5. O-O d6 6. Nc3 Nc6 7. d3 e5 8. Rb1 a5
9. a3 Nd4 10. Nxd4 exd4 11. Nb5 Ne8 12. e3 dxe3 13. Bxe3 c6 14. Nc3 Nf6 15. Qb3
Bf5 16. Rbd1 Qd7 17. Bd4 Rfe8 18. Qc2 Bh3 19. Ne4 Bxg2 20. Kxg2 Nxe4 21. dxe4
Qe6 22. f3 a4 23. Bxg7 Kxg7 24. Rd4 Qe5 25. Rfd1 Re6 26. Qd2 Qc5 27. Rxd6 Rxd6
28. Qxd6 Qxc4 29. Rd2 h5 30. Qe5+ Kg8 31. Qf6 Re8 32. Rd7 b5 33. Rd6 c5 34. Kh3
h4 35. Kxh4 Qc1 36. Kh3 Qf1+ 37. Kg4 Qe2 38. Kh3 Qf1+ 39. Kh4 Qc1 40. Kg4 Qh6
41. h4 Qf8 42. h5 gxh5+ 43. Kxh5 Qg7 44. Qxg7+ Kxg7 45. Kg5 Rb8 46. Rc6 b4 47.
Rxc5 bxa3 48. bxa3 Rb3 49. Kf4 Rxa3 50. Ra5 Ra1 51. Kf5 Ra3 52. Kg4 Ra1 53. f4
a3 54. Kf5 Ra2 55. g4 Ra1 56. Ra7 a2 57. e5 Kg8 58. Kg5 Kg7 59. Ra8 Kh7 60. f5
Kg7 61. f6+ Kh7 62. e6 Rb1 63. exf7 Rb5+ 64. Kh4 Rb8 65. Rxa2 Kg6 66. g5 Rb4+
67. Kg3 Rb8 68. Re2 Rf8 69. Kg4 Ra8 70. f8=Q Rxf8 71. Re7 Rg8 72. Rd7 1-0

[Event "4NCL 2017-18"]
[Site "England ENG"]
[Date "2018.02.10"]
[Round "5.23"]
[White "O'Toole, George E"]
[Black "Ashton, Adam G"]
[Result "1-0"]
[BlackTitle "FM"]
[WhiteElo "2260"]
[BlackElo "2364"]
[WhiteTeam "Barbican 4NCL"]
[BlackTeam "3Cs"]
[WhiteFideId "412732"]
[BlackFideId "410110"]
[EventDate "2017.11.11"]

1. e4 e5 2. Nf3 Nc6 3. Bb5 a6 4. Bxc6 dxc6 5. Nc3 f6 6. d4 Bg4 7. Be3 exd4 8.
Qxd4 Bxf3 9. gxf3 Qxd4 10. Bxd4 Bd6 11. h4 Ne7 12. O-O-O Kf7 13. h5 Rad8 14. Ne2
c5 15. Bc3 Nc6 16. f4 Nd4 17. Bxd4 cxd4 18. f5 c5 19. c3 Rhe8 20. f3 Be5 21.
cxd4 cxd4 22. Rd3 Rd7 23. Rhd1 Red8 24. Kb1 b5 25. a3 g6 26. hxg6+ hxg6 27. f4
Bb8 28. Nxd4 gxf5 29. Nc6 Rxd3 30. Nxd8+ Rxd8 31. Rxd8 Bxf4 32. exf5 1-0

[Event "4NCL 2017-18"]
[Site "England ENG"]
[Date "2018.02.10"]
[Round "5.24"]
[White "Longson, Alexander"]
[Black "Klingher, Dominic"]
[Result "1-0"]
[WhiteTitle "FM"]
[WhiteElo "2331"]
[BlackElo "2153"]
[WhiteTeam "3Cs"]
[BlackTeam "Barbican 4NCL"]
[WhiteFideId "408093"]
[BlackFideId "428850"]
[EventDate "2017.11.11"]

1. e4 e6 2. d4 d5 3. Nd2 Nf6 4. e5 Nfd7 5. f4 c5 6. Ngf3 Nc6 7. Nb3 c4 8. Nbd2
f6 9. c3 Be7 10. Be2 b5 11. exf6 gxf6 12. a4 b4 13. f5 bxc3 14. bxc3 e5 15. Nf1
Qa5 16. dxe5 d4 17. e6 Nb6 18. N3d2 Qxc3 19. Rb1 d3 20. Bh5+ Kf8 21. Ne3 Bc5 22.
Qf3 Ne5 23. Qf4 Rg8 24. Bb2 Qa5 25. Bxe5 fxe5 26. Qxe5 Rg7 27. Qf6+ Kg8 28. Bf7+
Kh8 29. Qd8+ 1-0

[Event "4NCL 2017-18"]
[Site "England ENG"]
[Date "2018.02.10"]
[Round "5.25"]
[White "Coleman, David J"]
[Black "Congiu, Mathilde"]
[Result "0-1"]
[WhiteTitle "CM"]
[BlackTitle "WIM"]
[WhiteElo "2060"]
[BlackElo "2229"]
[WhiteTeam "Barbican 4NCL"]
[BlackTeam "3Cs"]
[WhiteFideId "402087"]
[BlackFideId "634581"]
[EventDate "2017.11.11"]

1. e4 c5 2. Nf3 d6 3. d4 cxd4 4. Nxd4 Nf6 5. Nc3 a6 6. Bg5 Nbd7 7. Qe2 g6 8.
O-O-O Bg7 9. f4 Qa5 10. Kb1 O-O 11. Bh4 Re8 12. g4 b5 13. Bg2 Bb7 14. Rhe1 b4
15. Nb3 Qc7 16. Nd5 Nxd5 17. exd5 a5 18. Bf2 a4 19. Nc1 a3 20. Bd4 axb2 21. Bxb2
Bxb2 22. Kxb2 Nb6 23. Qf3 Na4+ 24. Ka1 Qxc2 25. Qe2 Qc3+ 26. Kb1 Qa3 0-1

[Event "4NCL 2017-18"]
[Site "England ENG"]
[Date "2018.02.10"]
[Round "5.26"]
[White "Walton, Alan J"]
[Black "Russell, Christopher"]
[Result "1/2-1/2"]
[WhiteTitle "CM"]
[WhiteElo "2154"]
[BlackElo "2149"]
[WhiteTeam "3Cs"]
[BlackTeam "Barbican 4NCL"]
[WhiteFideId "409898"]
[BlackFideId "413569"]
[EventDate "2017.11.11"]

1. d4 e6 2. e4 d5 3. Nd2 Nc6 4. Ngf3 Nf6 5. e5 Nd7 6. c3 f6 7. exf6 Qxf6 8. Nb3
Bd6 9. Bg5 Qf7 10. Bh4 Qh5 11. Be2 O-O 12. h3 a5 13. g4 Qe8 14. O-O a4 15. Nc1
e5 16. dxe5 Ndxe5 17. Nxe5 Bxe5 18. Nd3 Bd6 19. Bg3 Bxg3 20. fxg3 Qe3+ 21. Kg2
Rxf1 22. Qxf1 d4 23. Re1 Bd7 24. Nc5 d3 25. Nxd3 Rf8 26. Nf4 Qc5 27. Bc4+ Kh8
28. b4 axb3 29. axb3 Na5 30. Bd5 Rxf4 31. Qxf4 Qxd5+ 32. Kh2 Bc6 33. Qf8+ Qg8
34. Rf1 h6 35. Qc5 Qd5 36. Qxd5 Bxd5 37. Rf5 c6 38. c4 Nxc4 39. bxc4 Bxc4 40.
Rf8+ Kh7 41. Rb8 b5 42. Rb6 Bd5 43. Kg1 Kg6 44. Kf2 Kg5 45. Rb7 g6 46. Rb6 Be4
47. Ke3 Bg2 48. Kf2 Bd5 1/2-1/2

[Event "4NCL 2017-18"]
[Site "England ENG"]
[Date "2018.02.10"]
[Round "5.27"]
[White "Crocker, Philip J"]
[Black "Horton, Jamie A"]
[Result "1/2-1/2"]
[WhiteElo "2119"]
[BlackElo "2189"]
[WhiteTeam "Barbican 4NCL"]
[BlackTeam "3Cs"]
[WhiteFideId "403180"]
[BlackFideId "421472"]
[EventDate "2017.11.11"]

1. c4 e5 2. g3 Nc6 3. Nc3 Bc5 4. Bg2 d6 5. Nf3 a6 6. d3 Ba7 7. O-O Nf6 8. Bg5 h6
9. Bh4 Ne7 10. Bxf6 gxf6 11. e3 O-O 12. Nh4 Ng6 13. Qh5 Nxh4 14. gxh4 Kg7 15.
Kh1 Rh8 16. Bd5 Qe7 17. Rg1+ Kf8 18. Rg3 f5 19. Rag1 Qf6 20. Rg7 Be6 21. Bxb7
Rb8 22. Nd5 Qxg7 23. Rxg7 Kxg7 24. Bc6 Bb6 25. Ne7 Kf6 26. Nd5+ Kg7 27. Qf3 Rhf8
28. Qg3+ Kh8 29. Nf6 Rbd8 30. b4 a5 31. c5 Ba7 32. d4 axb4 33. cxd6 cxd6 34.
dxe5 dxe5 35. Qxe5 Bb8 36. Qa1 Rg8 37. Ne8+ Kh7 38. Nf6+ Kh8 39. Nxg8+ Kxg8 40.
Kg2 Rc8 41. Qd4 Rxc6 42. Qd8+ Kh7 43. Qxb8 Rc4 44. Qb5 Rg4+ 45. Kf3 Rxh4 46. Kg3
Rg4+ 47. Kf3 Rh4 48. Kg3 Rg4+ 49. Kf3 1/2-1/2